| 000 | 00723cab a22001935a 4500 | ||
|---|---|---|---|
| 001 | L137082 | ||
| 008 | 070313e2007 xxk 000 0 eng d | ||
| 035 | _a(Sirsi) u137082 | ||
| 041 | 0 | _aeng | |
| 100 | 1 | _aFernando Del Canto, Leon | |
| 245 | 0 | 0 | _aCosta del tax changes |
| 260 | _c2007 | ||
| 490 | 0 |
_aTaxation _v159(4098) 8 March 2007, 278-280(3) |
|
| 520 | _aDiscusses how Spanish tax reforms will affect British owners of holiday homes in Spain. Reports on how new rules expand the expand the concept of Spanish residence for offshore companies beyond the management and control criteria. | ||
| 590 | _aKA | ||
| 651 | 4 | _aSPAIN | |
| 690 | _aPROPERTY-RESIDENTIAL PROPERTY-RESIDENTIAL PROPERTY TAXATION | ||
| 942 | _n0 | ||
| 999 |
_c78539 _d78539 |
||